000
00254nam a22000977a 4500
999
_c
11629
_d
11629
008
190921b ||||| |||| 00| 0 eng d
020
_a
9780143118237
100
_a
Mortenson Stones
_9
7332
245
_a
Stones into Schools
260
_a
USA
_b
Penguin Books
_c
2009